| 000 | 00515nam a22001817a 4500 | ||
|---|---|---|---|
| 005 | 20231128104215.0 | ||
| 008 | 231128b |||||||| |||| 00| 0 eng d | ||
| 020 | _a0948711620 | ||
| 041 | _aEnglish | ||
| 082 | _a340.1 BUS | ||
| 100 | _lEnglish | ||
| 245 |
_aThe Business of Law / _cRC Meech |
||
| 250 | _aFirst Edition | ||
| 260 |
_aLondon : _bInternational Bar Association, _c2004 |
||
| 300 |
_b290 pages ; _c24 cm. |
||
| 650 |
_aLegal practice _bLaw |
||
| 942 |
_cBK _6ALISON_BN_VRIES |
||
| 999 |
_c1001 _d1001 |
||